Az 1964. évi külföldi filozófiai irodalom válogatott bibliográfiája

Elmentve itt :
Bibliográfiai részletek
Szerző: Kovácsné Tóth Ilona
Adatforrás:Philobibl
Forrásdokumentuma:Magyar Filozófiai Szemle 9
1965/6., 1101-1117. p.
Dokumentumtípus: Cikk
Nyelv:magyar
LEADER 00357nab a2200097 c 4500
001 bibDOK00007558
005 20200924120332.2
008 060518s1965 hu hun
100 1 |a Kovácsné Tóth Ilona 
245 1 3 |a Az 1964. évi külföldi filozófiai irodalom válogatott bibliográfiája  |c Kovácsné Tóth Ilona 
773 0 |t Magyar Filozófiai Szemle 9  |g 1965/6., 1101-1117. p.